LIBRARY ONLINE CATALOGUE

The Anatomy of tort law / (Record no. 12207)

MARC details
000 -LEADER
fixed length control field 00570cam a22002052 4500
001 - CONTROL NUMBER
control field 0000023796
005 - DATE AND TIME OF LATEST TRANSACTION
control field 20151217155234.0
008 - FIXED-LENGTH DATA ELEMENTS--GENERAL INFORMATION
fixed length control field 130326s xx 000 0 eng d
020 ## - INTERNATIONAL STANDARD BOOK NUMBER
International Standard Book Number 1901362094 :
040 ## - CATALOGING SOURCE
Original cataloging agency KABU
Transcribing agency KABU
100 1# - MAIN ENTRY--PERSONAL NAME
Personal name Cane, Peter.
-- 0000179693
245 14 - TITLE STATEMENT
Title The Anatomy of tort law /
Statement of responsibility, etc. Peter Cane.
250 ## - EDITION STATEMENT
Edition statement 1st ed.
260 ## - PUBLICATION, DISTRIBUTION, ETC. (IMPRINT)
Place of publication, distribution, etc. Oxford :
Name of publisher, distributor, etc. Hart,
Date of publication, distribution, etc. 1997.
300 ## - PHYSICAL DESCRIPTION
Extent xviii, 243 p.
650 #0 - SUBJECT ADDED ENTRY--TOPICAL TERM
Topical term or geographic name as entry element Torts
Geographic subdivision Great Britain.
-- 0000160147
852 1# - LOCATION
-- p4495 KES
908 ## - PUT COMMAND PARAMETER (RLIN)
Put command parameter 130326
950 ## - LOCAL HOLDINGS (RLIN)
-- 1
Holdings
Withdrawn status Lost status Source of classification or shelving scheme Not for loan Home library Current library Date acquired Total Checkouts Full call number Barcode Date last seen Date last checked out Price effective from Koha item type
    Library of Congress Classification   Kabarak, Main Campus Kabarak, Main Campus 17/12/2015 9 KD1949 .C36 1997 c. 1 014464 08/10/2024 18/09/2024 17/12/2015 General Collection